00246nam a2200097Ia 4500008004100000082001600041100002100057245003000078260002000108600002000128241002s9999 xx 000 0 und d a393.973 MIT aMitford, Jessica 4aThe American Way of Death aNew York:c1964 aSocial Sciences